000 00325nam a22001337a 4500
008 241107b |||||||| |||| 00| 0 eng d
020 _a9781913393731
082 _a813.54
100 _aBurnet, Macrae Graaeme
245 _aCase study
260 _aIndia :
_bSaraband,
_c2021.
300 _ap. 278 ;
_c19.8 Cm.
942 _2ddc
999 _c10077
_d10078